| 000 | 00389cam a22001217a 4500 | ||
|---|---|---|---|
| 008 | 180718b1957 xxu||||| |||| 00| 0 eng d | ||
| 082 | _aA6x438 K835 | ||
| 100 | _aKomarnicki, Titus | ||
| 245 |
_aRebirth of the Polish republic: a study of the diplomatic hitory of Europe, 1914-1920 _cby Titus Komarnicki |
||
| 260 |
_aLondon _bHeinemann _c1957 |
||
| 300 | _a776p. | ||
| 650 | _aPoland - History | ||
| 999 |
_c369595 _d369595 |
||